<?xml version="1.0" encoding="UTF-8"?><?xml-stylesheet type="text/xsl" href="static/style.xsl"?><OAI-PMH xmlns="http://www.openarchives.org/OAI/2.0/" xmlns:xsi="http://www.w3.org/2001/XMLSchema-instance" xsi:schemaLocation="http://www.openarchives.org/OAI/2.0/ http://www.openarchives.org/OAI/2.0/OAI-PMH.xsd"><responseDate>2026-04-14T04:45:32Z</responseDate><request verb="GetRecord" identifier="oai:www.recercat.cat:2072/442148" metadataPrefix="marc">https://recercat.cat/oai/request</request><GetRecord><record><header><identifier>oai:recercat.cat:2072/442148</identifier><datestamp>2026-03-26T03:41:28Z</datestamp><setSpec>com_2072_98</setSpec><setSpec>col_2072_378192</setSpec></header><metadata><record xmlns="http://www.loc.gov/MARC21/slim" xmlns:dcterms="http://purl.org/dc/terms/" xmlns:xsi="http://www.w3.org/2001/XMLSchema-instance" xmlns:doc="http://www.lyncode.com/xoai" xsi:schemaLocation="http://www.loc.gov/MARC21/slim http://www.loc.gov/standards/marcxml/schema/MARC21slim.xsd">
   <leader>00925njm 22002777a 4500</leader>
   <datafield ind2=" " ind1=" " tag="042">
      <subfield code="a">dc</subfield>
   </datafield>
   <datafield ind2=" " ind1=" " tag="720">
      <subfield code="a">Rivero García, Ana</subfield>
      <subfield code="e">author</subfield>
   </datafield>
   <datafield ind2=" " ind1=" " tag="720">
      <subfield code="a">Hamed, Soraya</subfield>
      <subfield code="e">author</subfield>
   </datafield>
   <datafield ind2=" " ind1=" " tag="720">
      <subfield code="a">Delord, Gabriela</subfield>
      <subfield code="e">author</subfield>
   </datafield>
   <datafield ind2=" " ind1=" " tag="720">
      <subfield code="a">Porlán Ariza, Rafael</subfield>
      <subfield code="e">author</subfield>
   </datafield>
   <datafield ind2=" " ind1=" " tag="260">
      <subfield code="c">2020</subfield>
   </datafield>
   <datafield ind2=" " ind1=" " tag="520">
      <subfield code="a">En este trabajo se analiza la evolución de las concepciones sobre los contenidos de 16 docentes universitarios de ciencias, cuando realizan ciclos de mejora en el aula en un curso de formación. Para ello, se ha utilizado un cuestionario inicial de preguntas abier-tas y un informe final público sobre su práctica docente. La metodología utilizada ha sido de tipo cualitativa y basada en el análisis del contenido de ambos instrumentos. Los resultados indican que el desarrollo profesional alcanzado es significativo y se orienta hacia una visión de los contenidos coherente con una enseñanza centrada en el estudian-te y en el aprendizaje, aunque de diverso grado según las dimensiones analizadas. Tam-bién permiten proponer una hipótesis de progresión del conocimiento docente del profe-sorado universitario de ciencias en relación con los contenidos, que oriente las estrategias formativas.</subfield>
   </datafield>
   <datafield ind2=" " ind1=" " tag="520">
      <subfield code="a">This work analyzes the evolution of content concepts among 16 university science pro-fessors participating in the Classroom Improvement Cycles (CIC) within the scope of a training program. For this, an initial, open-question questionnaire and a public final re-port about their teaching practice were used, together with a qualitative methodology based on the analysis of content for both instruments. The results indicate that the level of professional development is significant and the orientation moves towards contents that are more coherent with teaching based on the student and on learning, although to a wide range of degrees according to the dimensions analyzed. It also allows us to pro-pose a progression hypothesis regarding university science professors' knowledge in terms of contents that leads the training strategy.</subfield>
   </datafield>
   <datafield tag="653" ind2=" " ind1=" ">
      <subfield code="a">Educación superior</subfield>
   </datafield>
   <datafield tag="653" ind2=" " ind1=" ">
      <subfield code="a">Conocimiento docente</subfield>
   </datafield>
   <datafield tag="653" ind2=" " ind1=" ">
      <subfield code="a">Contenidos de enseñanza</subfield>
   </datafield>
   <datafield tag="653" ind2=" " ind1=" ">
      <subfield code="a">Progresión del aprendizaje docente</subfield>
   </datafield>
   <datafield tag="653" ind2=" " ind1=" ">
      <subfield code="a">Desarrollo profesional</subfield>
   </datafield>
   <datafield tag="653" ind2=" " ind1=" ">
      <subfield code="a">Higher education</subfield>
   </datafield>
   <datafield tag="653" ind2=" " ind1=" ">
      <subfield code="a">Teacher knowledge</subfield>
   </datafield>
   <datafield tag="653" ind2=" " ind1=" ">
      <subfield code="a">Teaching contents</subfield>
   </datafield>
   <datafield tag="653" ind2=" " ind1=" ">
      <subfield code="a">Learning progressions</subfield>
   </datafield>
   <datafield tag="653" ind2=" " ind1=" ">
      <subfield code="a">Professional development</subfield>
   </datafield>
   <datafield ind2="0" ind1="0" tag="245">
      <subfield code="a">Las concepciones de docentes universitarios de ciencias sobre los contenidos</subfield>
   </datafield>
</record></metadata></record></GetRecord></OAI-PMH>